000 00549ntaaa2200193 4500
003 01
005 20251027202338.0
008 0714s1973 ag 01
040 _aAR-BaBN
_bspa
_cAR-BaBN
_eaacr
_dRIC
082 _a296.4000 G92
245 _aNarración de la pascua
250 _a1 ed.
260 _aBuenos Aires :
_bFundación para el fomento de la Cultura Hebrea,
_cc1946
300 _axv, 165 p
500 _aOriginal hebraico y traducción castellana en prosa y verso
650 _apascua
_91184
650 _aJudios-pascua
_922097
942 _cBK
999 _c18322
_d18322